000 00804nam a2200229Ii 4500
003 JO-AjNU
008 230605s9999||||xx |||||||||||||| ||und||
017 _a2012/6/2234
020 _a978-9957-479-87-9
040 _aJO-AjNU
_bara
_erda
_cJO-AjNU
041 _aara
050 1 4 _aHD58.7.K435 2012
100 3 _aالخالدي: إبراهيم بدر شهاب,
_eauthor
_958489
245 0 0 _aالسلوك التنظيمي: (منحى تطبيقي معاصر)
250 _aط1
264 3 1 _aعمان: دار الأعلام، 2012
300 _a672ص
336 _atext
_btxt
_2rdacontent
337 _aunmediated
_bn
_2rdamedia
338 _avolume
_bnc
_2rdacarrier
650 4 _aالسلوك الإداري - إتخاذات القرارات - تقييم الأداء - تنظيم إداري
_958490
999 _aA26268
_c29836
_d29836